000 01077nas a2200349 4500
001 BR0603958
003 BR-BrBNA
005 20231205110312.0
007 ta
008 230509b bl.|||p| |||| 00| 00por d
040 _aBR-BrBNA
_bpor
_cBiblioteca Nacional de Agricultura
041 _a(Pt)
072 _aL51; L02
100 1 _aPutrino, S.M.
100 1 _aLeme, P.R.
100 1 _aSilva, S. da L. e
100 1 _aAlleoni, G.F.
100 1 _aLanna, D.P.D.
100 1 _aGrossklaus, C.
245 1 _aExigencias líquidas de proteína e energia para ganho de peso de novilhos Nelore alimentados com dietas contendo grão de milho úmido e gordura protegida
650 _aNOVILHO DE CORTE
650 _aGADO NELORE
650 _aEXIGÊNCIA NUTRICIONAL
650 _aGANHO DE PESO
650 _aMILHO
650 _aGRÃO
650 _aGORDURA
650 _aDIETA
773 0 _tRevista Brasileira de Zootecnia (Brazil)
_xISSN 1516-3598
_g(Jan-Feb 2006), v. 35(1) p. 301-308
_wBR0603958
909 _a202311
_bLúcia
_c55
_dLúcia Elande
942 _2AGRIS
_n0
_cANA
999 _c186888
_d186888